=LDR 00000nam 2200000 4500 =001 000550 =005 20250711122840 =035 ##$$a 0010-0725000418 =007 ta =008 250711################a##########0#ind## =020 ##$$a 978-623-472-685-5 =082 ##$$a 398.209 598 =084 ##$$a 398.209 598 VER u =100 #$$a Verbeek, Clare =245 1#$$a Ulat Sutra /$c Clare Verbeek, Thembani Dladla, Zanele Buthelezi =250 ##$$a cetakan pertama =260 ##$$a Jakarta :$b badan pengembangan dan pembinaan bahasa,$c 2022 =300 ##$$a 16 hlm. : $b ilus. ; $c 22,9 cm$e 398.209 598 =650 #4$$a Cerita Anak Indonesia =856 ##$$a TBM As Suhada =990 ##$$a TBM03110311